00264nam a2200097 a 450000500170000000800410001705000180005810000160007624500370009226000370012920140414131915.0100915s19uu xx 00 eng d aFICbF91 1991 aFritz, Jean aBully for you, Teddy Roosevelt!. aNew York :bScholastic ,c1991.